• 首页
  • 本馆介绍
  • 公告通知
  • 最新文献
  • 馆藏检索
  • 电子资源
  • 读者导购
  • 参考咨询
  • 我的图书馆
  • 登录
  • 详细信息显示
  • 放入我的书架
  • 预约/预借图书
  • 作者相关作品
  • 分类相关作品
  • 丛书相关作品
  • 出版社相关作品

书目信息

  • 表格格式
  • 工作单格式
  • 卡片格式
题名:
小学数学手册
    
 
作者: 朱亮尧 编
分册:  
出版信息: 广州   广东科技出版社  1980
页数: 274页
开本: 13cm
丛书名:
单 册:
中图分类: G624.5-62 , G623.5-62
科图分类:
主题词: 数学--小学--手册
电子资源:
ISBN:
000 00657nam0 2200253 45
001 0180001138
005 20040426082105.3
010    @dCNY0.42
091    @a13182.47
100    @a19950705d1980 cemy0chiy0121 ea
101 0  @achi
102    @aCN@b440000
105    @ay z 000yy
106    @ar
200 10 @a小学数学手册@Axiao xue shu xue shou ce@f朱亮尧编
210    @a广州@c广东科技出版社@d1980
215    @a274页@d13cm
606    @a数学@x小学@x手册
690    @aG624.5-62@v3
690    @aG623.5-62
701  0 @a朱亮尧@Azhu liang yao@4编
801  0 @aCN@b上海图书馆@c20040426
801  2 @aCN@bNLC@c20040426
905    @f1@b106611@dG623.5-62@e99
    
    小学数学手册/朱亮尧编.-广州:广东科技出版社,1980
    274页;13cm
    
    
    ISBN :CNY0.42
    
●
相关链接 在E读中查询图书 在五车中查询图书 在当当中查询图书 在豆瓣中查询图书


正题名:小学数学手册     索取号:G623.5-62/99         预约/预借

序号 登录号 条形码 馆藏地/架位号 状态 备注
1 0106611   000249724   第四借阅区/ [索取号:G623.5-62/99] 在馆    
2 0106612   000466310   第一样本阅览室/ [索取号:G623.5-62/99] 在馆    
3 0792507   207925076   密集书库/ [索取号:G623.5-62/99] 在馆    
唐山师范学院图书馆 欢迎您!
大连网信软件有限公司© 版权所有